Statistics for Religion Trivia

Click here to take the quiz!

General Stats

  • This quiz has been taken 13 times
  • The average score is 9 of 15

Answer Stats

HintAnswer% Correct
Division of Islam that believes Muhammad designated Ali ibn Abi Talib as his successor.Shia
100%
The foundational text of Judaism.The Torah
100%
Supreme deity in Vaishnavism Hinduism.Vishnu
91%
Ancient Persian dualistic religion with the god Ahura Mazda at the head of its religion and taught by the prophet Zoroaster.Zoroastrianism
91%
The supreme deity in Shaivism Hinduism.Shiva
82%
Religion based on the teachings of the Gurus especially Guru Nanak.Sikhism
82%
Nontheistic religion created in response to the rise of Orthodox Brahmanism.Jainism
64%
Aztec god known as the feathered serpent.Quetzalcoatl
64%
Modern Abrahamic religion that worships the singular deity of Jah.Rastafarianism
55%
The real name of Buddha.Gautama Buddha
36%
Central Asian religion that teaches that the god Tengri is the supreme deity.Tengrism
36%
Wolf son of the Norse trickster deity Loki.Fenrir
18%
Chinese water demon that a dwarf planet was named after (due to an online poll in 2020).Gonggong
18%
The minor Greek Hellenistic deity of revenge.Nemesis
18%
Religion originating from the teachings of Nakayama Miki.Tenrikyo
9%

Score Distribution

Percentile by Number Answered

Percent of People with Each Score

Your Score History

You have not taken this quiz